Animals in the Bible - Statistics

General Stats
  • This quiz has been taken 308 times
  • The average score is 13 of 20
Answer Stats
Hint Animal % Correct
Animal that returned to Noah's ark with an olive branch Dove
95%
Notable 'unclean' animal Pig
95%
What Satan was when he temped Adam and Eve Serpent
94%
Animal that Daniel had a 'sleepover' with Lion
92%
Animal that the Israelites made into an idol Calf
91%
What Conquest, War, Famine and Death ride in Revelations Horse
91%
Jesus is often mentioned as The ____ of God Lamb
90%
Animal that the magi are often depicted riding Camel
82%
Animal which fed the 5,000 Fish
82%
Animal eaten by John the Baptist, with wild honey Locust
78%
What Balaam had, which could talk Donkey
71%
Animal that crowed three times before Peter's betrayal Rooster
66%
Animal sent during the second plague of Egypt Frog
65%
What Noah sent out, and returned every time Raven
59%
Animal that killed 40 rude children Bear
50%
The animal God provided to be sacrificed in Issac's place Ram
39%
What Satan is depicted in Revelations Dragon
30%
Animal used to display God's might in creation, mentioned in Job Leviathan
22%
Bird provided by God to the Israelites in the desert Quail
22%
Large herbivorous beast mentioned in Job Behemoth
11%
No matching quizzes found
Score Distribution
Percent of People with Each Score
Percentile by Number Answered
Your Score History
You have not taken this quiz